Govt. of
Madhya Pradesh

भारतीय इतिहास में मध्‍यकाल (Record no. 42795)

MARC details
000 -LEADER
fixed length control field 005800000a22001810004500
003 - CONTROL NUMBER IDENTIFIER
control field MACL
005 - DATE AND TIME OF LATEST TRANSACTION
control field 20160607143328.0
008 - FIXED-LENGTH DATA ELEMENTS--GENERAL INFORMATION
fixed length control field 160607b xxu||||| |||| 00| 0 eng d
040 ## - CATALOGING SOURCE
Original cataloging agency MACL
Transcribing agency MACL
041 ## - LANGUAGE CODE
Language code of text/sound track or separate title Hindi
082 ## - DEWEY DECIMAL CLASSIFICATION NUMBER
Classification number 954 HAB
100 ## - MAIN ENTRY--PERSONAL NAME
Personal name हबीब, इरफान
9 (RLIN) 62690
245 ## - TITLE STATEMENT
Title भारतीय इतिहास में मध्‍यकाल
Statement of responsibility, etc. इरफान हबीब
260 ## - PUBLICATION, DISTRIBUTION, ETC. (IMPRINT)
Name of publisher, distributor, etc. ग्रंथ शिल्‍पी
Date of publication, distribution, etc. 2002
Place of publication, distribution, etc. नई दिल्‍ली
350 ## - PRICE (NR) (BK AM CF MU VM SE) [OBSOLETE]
Price 350
650 ## - SUBJECT ADDED ENTRY--TOPICAL TERM
Topical term or geographic name as entry element History
9 (RLIN) 62691
942 ## - ADDED ENTRY ELEMENTS (KOHA)
Koha item type Hindi Books
Call number prefix 954/HAB
Source of classification or shelving scheme
Holdings
Withdrawn status Lost status Source of classification or shelving scheme Damaged status Not for loan Home library Current library Date acquired Cost, normal purchase price Total Checkouts Total Renewals Full call number Barcode Date last seen Date last checked out Uniform Resource Identifier Price effective from Koha item type
          MACL MACL 15/04/2015 350.00 3 1 954/HAB CRH024763 13/11/2019 16/10/2019 43073 15/04/2015 Books